New construction orders (Record no. 78362)
[ view plain ]
| 000 -LEADER | |
|---|---|
| fixed length control field | 01647cab a2200229 4500 |
| 001 - CONTROL NUMBER | |
| control field | ##L136596 |
| 008 - FIXED-LENGTH DATA ELEMENTS--GENERAL INFORMATION | |
| fixed length control field | 070212n2007 000 0 eng u |
| 035 ## - SYSTEM CONTROL NUMBER | |
| System control number | (Sirsi) u136596 |
| 041 0# - LANGUAGE CODE | |
| Language code of text/sound track or separate title | eng |
| 110 1# - MAIN ENTRY--CORPORATE NAME | |
| Corporate name or jurisdiction name as entry element | United Kingdom |
| Subordinate unit | Department of Trade and Industry |
| 245 00 - TITLE STATEMENT | |
| Title | New construction orders |
| Remainder of title | December 2006 |
| Medium | [electronic resource] |
| 260 ## - PUBLICATION, DISTRIBUTION, ETC. | |
| Date of publication, distribution, etc. | 2007 |
| 490 0# - SERIES STATEMENT | |
| Series statement | GNN Press Release |
| Volume/sequential designation | (143768P) 8 February 2007 |
| 500 ## - GENERAL NOTE | |
| General note | In 2006 orders increased by 6% when compared with 2005, although orders in the fourth quarter 2006 remained unchanged when compared with the fourth quarter 2005. Orders in the fourth quarter 2006 dropped by 3% compared to the previous three months. During this period, there were increases in private housing, infrastructure and private industrial orders although these were outweighed by decreases in public housing and private commercial orders. |
| 520 ## - SUMMARY, ETC. | |
| Summary, etc. | In 2006, orders increased by 6% when compared with 2005, although orders in the fourth quarter 2006 remained unchanged when compared with the fourth quarter 2005. Orders in the fourth quarter 2006 dropped by 3% compared to the previous three months. During this period, there were increases in private housing, infrastructure and private industrial orders although these were outweighed by decreases in public housing and private commercial orders. |
| 590 ## - LOCAL NOTE (RLIN) | |
| Local note | KA |
| 650 24 - SUBJECT ADDED ENTRY--TOPICAL TERM | |
| Topical term or geographic name entry element | DBERR NEW CONSTRUCTION ORDERS |
| 651 #4 - SUBJECT ADDED ENTRY--GEOGRAPHIC NAME | |
| Geographic name | GREAT BRITAIN |
| 690 ## - LOCAL SUBJECT ADDED ENTRY--TOPICAL TERM (OCLC, RLIN) | |
| Topical term or geographic name as entry element | BUILT ENVIRONMENT-CONSTRUCTION MARKET |
| 856 40 - ELECTRONIC LOCATION AND ACCESS | |
| Uniform Resource Identifier | <a href="https://www.ciob.org.uk/news/new-construction-orders-december-2006">https://www.ciob.org.uk/news/new-construction-orders-december-2006</a> |
| Public note | View the item free of charge at the www.gnn.gov.uk website. |
| 942 ## - ADDED ENTRY ELEMENTS (KOHA) | |
| Suppress in OPAC | 0 |
| Withdrawn status | Lost status | Source of classification or shelving scheme | Damaged status | Not for loan | Home library | Current library | Shelving location | Date acquired | Total Checkouts | Full call number | Barcode | Date last seen | Copy number | Price effective from | Koha item type |
|---|---|---|---|---|---|---|---|---|---|---|---|---|---|---|---|
| Dewey Decimal Classification | Virtual | Virtual | Online | 12/02/2007 | ONLINE PUBLICATION | 136596-2001 | 06/08/2019 | 1 | 06/08/2019 | Journal article |